[Event "Pan American Continental"]
[Site "Sao Paulo"]
[Date "2009.07.28"]
[Round "5"]
[White "Cubas, Jose Fernando"]
[Black "Barata, Adriano Albiani"]
[Result "1-0"]
[WhiteElo "2454"]
[BlackElo "2220"]
[PlyCount "77"]
[EventDate "2009.07.25"]
[EventType "swiss"]
[EventRounds "11"]
[EventCountry "BRA"]
[SourceTitle "CBM 132 Extra"]
[Source "ChessBase"]
[SourceDate "2009.11.03"]
[SourceVersion "1"]
[SourceVersionDate "2009.11.03"]
[SourceQuality "1"]

1. e4 c5 2. Nf3 Nc6 3. d4 cxd4 4. Nxd4 Nf6 5. Nc3 d6 6. Be2 e6 7. O-O Be7 8.
Kh1 O-O 9. f4 Qc7 10. Be3 Re8 11. Bd3 Nxd4 12. Bxd4 e5 13. Be3 b6 14. Qf3 Bb7
15. fxe5 dxe5 16. Bg5 Rad8 17. Rae1 Rf8 18. Bxf6 Bxf6 19. Nd5 Bxd5 20. exd5 Rd6
21. c4 a5 22. a3 Qc5 23. Rb1 a4 24. Qd1 Ra8 25. Qe1 Qd4 26. Qb4 Be7 27. Rbd1
Qh4 28. g3 Qg5 29. Qe1 g6 30. h4 Qg4 31. Kh2 f6 32. Rf2 Re8 33. Bf1 Rdd8 34.
Rc2 Bd6 35. Bh3 Qh5 36. Be6+ Kh8 37. Rd3 f5 38. b4 e4 39. Qa1+ 1-0

[Event "Pan American Continental"]
[Site "Sao Paulo"]
[Date "2009.08.03"]
[Round "11"]
[White "Cubas, Jose Fernando"]
[Black "Hernandez Carmenates, Holden"]
[Result "0-1"]
[WhiteElo "2454"]
[BlackElo "2573"]
[PlyCount "72"]
[EventDate "2009.07.25"]
[EventType "swiss"]
[EventRounds "11"]
[EventCountry "BRA"]
[SourceTitle "CBM 132 Extra"]
[Source "ChessBase"]
[SourceDate "2009.11.03"]
[SourceVersion "1"]
[SourceVersionDate "2009.11.03"]
[SourceQuality "1"]

1. e4 c5 2. Nf3 d6 3. d4 cxd4 4. Nxd4 Nf6 5. Nc3 a6 6. f4 e5 7. Nf3 Nbd7 8. a4
Be7 9. Bd3 O-O 10. O-O exf4 11. Kh1 Nh5 12. Nd4 g6 13. Be2 Ndf6 14. Nf5 Be6 15.
Nxe7+ Qxe7 16. b3 Rfc8 17. Bb2 Qc7 18. Qd4 Qc5 19. Rad1 Bg4 20. Bf3 Ng3+ 21.
hxg3 Qh5+ 22. Kg1 fxg3 23. Rfe1 Bxf3 24. Rd2 Bg4 25. Ne2 Bxe2 26. Rexe2 Re8 27.
Re3 Qh2+ 28. Kf1 Qh1+ 29. Ke2 Qxg2+ 30. Kd1 Qg1+ 31. Ke2 Re6 32. Kf3 Rae8 33.
Rg2 Qf1+ 34. Kxg3 Rxe4 35. Rxe4 Nxe4+ 36. Kh3 Qh1+ 0-1

[Event "JAI op"]
[Site "Sao Caetano do Sul"]
[Date "2009.10.??"]
[Round "1"]
[White "Cubas, Jose Fernando"]
[Black "Name, Gabriel Ricardo"]
[Result "1-0"]
[WhiteElo "2438"]
[BlackElo "2244"]
[PlyCount "57"]
[EventDate "2009.10.??"]
[EventType "swiss"]
[EventRounds "5"]
[EventCountry "BRA"]
[SourceTitle "EXT 2011"]
[Source "ChessBase"]
[SourceDate "2010.11.26"]
[SourceVersion "1"]
[SourceVersionDate "2010.11.26"]
[SourceQuality "1"]

1. e4 c6 2. d4 d5 3. e5 Bf5 4. Nf3 e6 5. Be2 h6 6. O-O Nd7 7. Be3 Ne7 8. a4 Bg4
9. h3 Bh5 10. a5 Nf5 11. c4 Nh4 12. Nxh4 Bxe2 13. Qxe2 Qxh4 14. cxd5 exd5 15.
f4 Be7 16. Kh2 Bd8 17. a6 bxa6 18. Rc1 O-O 19. Rxc6 a5 20. Nc3 Nb6 21. Rxa5 Qe7
22. Nxd5 Qe8 23. Rc1 Qd7 24. Qg4 Qb7 25. Nxb6 Bxb6 26. Ra3 f5 27. Qg6 Rad8 28.
Rac3 Qe4 29. Rc7 1-0

[Event "JAI op"]
[Site "Sao Caetano do Sul"]
[Date "2009.10.??"]
[Round "2"]
[White "Bittencourt, Jorge"]
[Black "Cubas, Jose Fernando"]
[Result "1/2-1/2"]
[WhiteElo "2473"]
[BlackElo "2438"]
[PlyCount "50"]
[EventDate "2009.10.??"]
[EventType "swiss"]
[EventRounds "5"]
[EventCountry "BRA"]
[SourceTitle "EXT 2011"]
[Source "ChessBase"]
[SourceDate "2010.11.26"]
[SourceVersion "1"]
[SourceVersionDate "2010.11.26"]
[SourceQuality "1"]

1. e4 c5 2. Nf3 Nc6 3. d4 cxd4 4. Nxd4 e5 5. Nb5 d6 6. N1c3 a6 7. Na3 Be6 8.
Nc4 b5 9. Ne3 Nf6 10. g3 h5 11. Bg2 Rc8 12. Ncd5 Bxd5 13. exd5 Nb8 14. Bd2 Nbd7
15. a4 bxa4 16. Rxa4 Nc5 17. Rc4 g6 18. O-O Bh6 19. Qa1 Ra8 20. Rxc5 dxc5 21.
b4 O-O 22. bxc5 Nxd5 23. Bxd5 Bxe3 24. Bxa8 Qxd2 25. Qxa6 Bxc5 1/2-1/2

[Event "JAI op"]
[Site "Sao Caetano do Sul"]
[Date "2009.10.??"]
[Round "3"]
[White "Cubas, Jose Fernando"]
[Black "Fier, Alexandr"]
[Result "0-1"]
[WhiteElo "2438"]
[BlackElo "2590"]
[PlyCount "72"]
[EventDate "2009.10.??"]
[EventType "swiss"]
[EventRounds "5"]
[EventCountry "BRA"]
[SourceTitle "EXT 2011"]
[Source "ChessBase"]
[SourceDate "2010.11.26"]
[SourceVersion "1"]
[SourceVersionDate "2010.11.26"]
[SourceQuality "1"]

1. e4 c5 2. Nf3 e6 3. d4 cxd4 4. Nxd4 Nc6 5. Nc3 Qc7 6. Be3 a6 7. Bd3 Nf6 8.
O-O Ne5 9. h3 Bc5 10. Kh1 d6 11. f4 Ng6 12. Qe1 O-O 13. f5 Ne5 14. Qg3 Kh8 15.
Qh4 b5 16. Nce2 exf5 17. exf5 Bb7 18. Bg5 Ned7 19. Rf4 Rae8 20. Ng3 Qb6 21. b4
Bxd4 22. Rxd4 Qc6 23. Rg1 Re1 24. Nf1 Rfe8 25. Bf4 Nd5 26. Be4 R1xe4 27. Rxe4
Rc8 28. Rd4 Qc3 29. Bxd6 Qxc2 30. Qe4 Qxa2 31. Ne3 N7f6 32. Qf3 Rc3 33. Be5
Rxe3 34. Qd1 Rxh3+ 35. Bh2 h6 36. Qa1 Qf2 0-1

[Event "JAI op"]
[Site "Sao Caetano do Sul"]
[Date "2009.10.??"]
[Round "4"]
[White "Rodriguez Vila, Andres"]
[Black "Cubas, Jose Fernando"]
[Result "1-0"]
[WhiteElo "2524"]
[BlackElo "2438"]
[PlyCount "60"]
[EventDate "2009.10.??"]
[EventType "swiss"]
[EventRounds "5"]
[EventCountry "BRA"]
[SourceTitle "EXT 2011"]
[Source "ChessBase"]
[SourceDate "2010.11.26"]
[SourceVersion "1"]
[SourceVersionDate "2010.11.26"]
[SourceQuality "1"]

1. c4 e5 2. Nc3 Nf6 3. g3 d5 4. cxd5 Nxd5 5. Bg2 Nb6 6. Nf3 Nc6 7. O-O Be7 8.
a3 O-O 9. b4 Be6 10. d3 f6 11. Bb2 a5 12. b5 Nd4 13. Nd2 c6 14. bxc6 Nxc6 15.
Rb1 Rb8 16. Na4 Nxa4 17. Qxa4 b5 18. Qe4 Nd4 19. e3 Nf5 20. d4 Nd6 21. Qc6 Rc8
22. Qa6 Rc2 23. dxe5 fxe5 24. Ne4 Bc8 25. Qa8 Nc4 26. Bc1 b4 27. axb4 Bxb4 28.
Rxb4 axb4 29. Qa4 Qd3 30. Qxb4 Rd8 1-0

[Event "Sindilegis op-B"]
[Site "Sindilegis"]
[Date "2009.10.23"]
[Round "?"]
[White "Gauche, Eduardo"]
[Black "Cubas, Jose Fernando"]
[Result "0-1"]
[WhiteElo "2035"]
[BlackElo "2475"]
[PlyCount "110"]
[EventDate "2009.10.23"]
[EventType "swiss"]
[EventRounds "6"]
[EventCountry "BRA"]
[SourceTitle "EXT 2012"]
[Source "ChessBase"]
[SourceDate "2011.11.24"]
[SourceVersion "1"]
[SourceVersionDate "2011.11.24"]
[SourceQuality "1"]

1. Nf3 d5 2. g3 Nf6 3. Bg2 c6 4. O-O Bf5 5. d3 e6 6. Nbd2 h6 7. Rb1 a5 8. c4
Be7 9. b3 O-O 10. Bb2 Bh7 11. a3 Nbd7 12. b4 axb4 13. axb4 dxc4 14. Nxc4 Nd5
15. b5 cxb5 16. Nce5 Nc5 17. e4 Nb4 18. Bd4 Ra4 19. Bxc5 Bxc5 20. d4 Be7 21.
Qe2 Qe8 22. Rb2 f6 23. Nd3 Nc6 24. Rxb5 Rxd4 25. Rxb7 Rxe4 26. Qa2 Kh8 27. Nfe1
Nd4 28. Qa7 Ne2+ 29. Kh1 Ra4 30. Qb6 Nd4 31. Nc5 Bxc5 32. Qxc5 Rf7 33. Rxf7
Qxf7 34. Nf3 Nxf3 35. Bxf3 Bf5 36. Kg2 Kh7 37. Rd1 e5 38. Rd8 Rc4 39. Qe3 Qc7
40. Ra8 Rc3 41. Qe2 Rc2 42. Qe3 Qc4 43. Ra1 e4 44. Bh5 Bd7 45. Re1 Bc6 46. Bg4
Kg6 47. h4 h5 48. Be2 Qb4 49. Ra1 Rc3 50. Qf4 e3+ 51. Bf3 Bxf3+ 52. Qxf3 exf2
53. Qxf2 Qe4+ 54. Kg1 Rf3 55. Re1 Qd3 0-1

[Event "Sindilegis op-B"]
[Site "Sindilegis"]
[Date "2009.10.24"]
[Round "?"]
[White "Cubas, Jose Fernando"]
[Black "Narvaez, Eduardo De Oliveira"]
[Result "1-0"]
[WhiteElo "2475"]
[BlackElo "2120"]
[PlyCount "67"]
[EventDate "2009.10.23"]
[EventType "swiss"]
[EventRounds "6"]
[EventCountry "BRA"]
[SourceTitle "EXT 2012"]
[Source "ChessBase"]
[SourceDate "2011.11.24"]
[SourceVersion "1"]
[SourceVersionDate "2011.11.24"]
[SourceQuality "1"]

1. e4 c5 2. Nf3 e6 3. d4 cxd4 4. Nxd4 a6 5. Nc3 b5 6. Bd3 Bc5 7. Nb3 Bb6 8. Qe2
Nc6 9. Be3 d6 10. O-O-O Nge7 11. f4 O-O 12. Rhf1 Bd7 13. e5 Bxe3+ 14. Qxe3 d5
15. g4 b4 16. Ne2 Na5 17. Nxa5 Qxa5 18. Kb1 Bb5 19. f5 Bxd3 20. Rxd3 Rac8 21.
Nd4 Qc5 22. Rc1 Rfe8 23. Qg5 Nc6 24. f6 Qf8 25. Nf3 Kh8 26. Qh4 Qg8 27. Ng5
gxf6 28. exf6 Qg6 29. Rh3 Kg8 30. Qxh7+ Qxh7 31. Rxh7 Ne5 32. Re1 Rc4 33. Rg7+
Kh8 34. Rxe5 1-0

[Event "Sindilegis op-B"]
[Site "Sindilegis"]
[Date "2009.10.24"]
[Round "?"]
[White "Fier, Alexandr"]
[Black "Cubas, Jose Fernando"]
[Result "0-1"]
[WhiteElo "2644"]
[BlackElo "2475"]
[PlyCount "114"]
[EventDate "2009.10.23"]
[EventType "swiss"]
[EventRounds "6"]
[EventCountry "BRA"]
[SourceTitle "EXT 2012"]
[Source "ChessBase"]
[SourceDate "2011.11.24"]
[SourceVersion "1"]
[SourceVersionDate "2011.11.24"]
[SourceQuality "1"]

1. c4 Nf6 2. Nc3 e5 3. a3 g6 4. g3 Bg7 5. Bg2 O-O 6. b4 d6 7. d3 Nc6 8. Bd2 h6
9. b5 Ne7 10. Nf3 Be6 11. O-O Qd7 12. e4 Bh3 13. Ne1 c6 14. a4 d5 15. Qe2 Rfd8
16. Rd1 Bxg2 17. Kxg2 Qe6 18. Nf3 Nd7 19. bxc6 bxc6 20. cxd5 cxd5 21. Nb5 Rdc8
22. Rc1 Qb6 23. Bb4 a6 24. Bxe7 axb5 25. axb5 Re8 26. Bb4 Qxb5 27. Qd2 dxe4 28.
dxe4 Nf6 29. Rfe1 Qb7 30. Rc4 Rac8 31. Rxc8 Rxc8 32. Nxe5 Nxe4 33. Qd7 Rc7 34.
Qd8+ Kh7 35. Nf3 Rc2 36. Rxe4 Qxe4 37. Bd2 Rc5 38. Qb6 Bd4 39. Qb4 Rc2 40. h4
Rb2 41. Qxd4 Qxd4 42. Nxd4 Rxd2 43. Nf3 Ra2 44. Ne5 Kg7 45. Kf3 f6 46. Nc4 f5
47. Ke3 Kf6 48. f4 Ra4 49. Nd2 g5 50. hxg5+ hxg5 51. Nf1 g4 52. Ke2 Ra2+ 53.
Ke3 Rg2 54. Kd3 Ke6 55. Ke3 Kd6 56. Kd4 Rg1 57. Ne3 Ke6 0-1

[Event "Sindilegis op-B"]
[Site "Sindilegis"]
[Date "2009.10.25"]
[Round "?"]
[White "Cubas, Jose Fernando"]
[Black "Matsuura, Everaldo"]
[Result "1/2-1/2"]
[WhiteElo "2475"]
[BlackElo "2483"]
[PlyCount "41"]
[EventDate "2009.10.23"]
[EventType "swiss"]
[EventRounds "6"]
[EventCountry "BRA"]
[SourceTitle "EXT 2012"]
[Source "ChessBase"]
[SourceDate "2011.11.24"]
[SourceVersion "1"]
[SourceVersionDate "2011.11.24"]
[SourceQuality "1"]

1. e4 c5 2. Nf3 Nc6 3. d4 cxd4 4. Nxd4 g6 5. Nc3 Bg7 6. Nb3 Nf6 7. Be2 O-O 8.
O-O d6 9. Bg5 Be6 10. Kh1 Rc8 11. f4 Na5 12. f5 Bc4 13. Bd3 a6 14. Qe2 Bxd3 15.
cxd3 Nxb3 16. axb3 Qb6 17. Be3 Qxb3 18. Ra3 Qb4 19. Ra4 Qb3 20. Ra3 Qb4 21. Ra4
1/2-1/2

[Event "Sindilegis op-B"]
[Site "Sindilegis"]
[Date "2009.10.25"]
[Round "?"]
[White "Leitao, Rafael Duailibe"]
[Black "Cubas, Jose Fernando"]
[Result "1-0"]
[WhiteElo "2623"]
[BlackElo "2475"]
[PlyCount "39"]
[EventDate "2009.10.23"]
[EventType "swiss"]
[EventRounds "6"]
[EventCountry "BRA"]
[SourceTitle "EXT 2012"]
[Source "ChessBase"]
[SourceDate "2011.11.24"]
[SourceVersion "1"]
[SourceVersionDate "2011.11.24"]
[SourceQuality "1"]

1. d4 d5 2. c4 Nc6 3. Nc3 dxc4 4. Nf3 e6 5. e4 Nf6 6. Bxc4 Bb4 7. Qd3 Na5 8.
Bb5+ Bd7 9. Bg5 c6 10. Ba4 c5 11. Bxd7+ Qxd7 12. a3 c4 13. Qe2 Be7 14. O-O O-O
15. Rad1 h6 16. Bh4 Qd8 17. d5 Nxd5 18. Nxd5 Bxh4 19. Nc3 Qe7 20. g3 1-0

[Event "Sindilegis op-B"]
[Site "Sindilegis"]
[Date "2009.10.23"]
[Round "1"]
[White "Cubas, Jose Fernando"]
[Black "Herbst, Eugenio"]
[Result "1-0"]
[WhiteElo "2475"]
[BlackElo "1943"]
[PlyCount "35"]
[EventDate "2009.10.23"]
[EventType "swiss"]
[EventRounds "6"]
[EventCountry "BRA"]
[SourceTitle "EXT 2012"]
[Source "ChessBase"]
[SourceDate "2011.11.24"]
[SourceVersion "1"]
[SourceVersionDate "2011.11.24"]
[SourceQuality "1"]

1. e4 e5 2. Nf3 Nf6 3. Nxe5 d6 4. Nf3 Nxe4 5. d4 d5 6. Bd3 Nc6 7. O-O Be7 8.
Re1 Nf6 9. c3 O-O 10. Nbd2 a5 11. Nf1 Re8 12. Bg5 Qd6 13. Qc2 h6 14. Bh4 Nh5
15. Bg3 Nxg3 16. Nxg3 Bd7 17. Ne5 Bf8 18. Bh7+ 1-0

[Event "Asuncion Roggio Cup-A 3rd"]
[Site "Asuncion"]
[Date "2010.05.21"]
[Round "2"]
[White "Cubas, Jose Fernando"]
[Black "Mareco, Sandro"]
[Result "1/2-1/2"]
[WhiteElo "2462"]
[BlackElo "2535"]
[PlyCount "78"]
[EventDate "2010.05.20"]
[EventType "tourn"]
[EventRounds "9"]
[EventCountry "PAR"]
[EventCategory "11"]
[SourceTitle "CBM 137"]
[Source "ChessBase"]
[SourceDate "2010.07.15"]
[SourceVersion "1"]
[SourceVersionDate "2010.07.15"]
[SourceQuality "1"]

1. e4 c5 2. Nf3 d6 3. d4 cxd4 4. Nxd4 Nf6 5. Nc3 a6 6. f4 e6 7. a4 Be7 8. Bd3
Nc6 9. Nxc6 bxc6 10. O-O d5 11. Qf3 c5 12. e5 Nd7 13. Bd2 Qb6 14. Kh1 Bb7 15.
b3 g6 16. Qe2 Rc8 17. Nd1 c4 18. bxc4 dxc4 19. Bxc4 Bxg2+ 20. Kxg2 Qc6+ 21. Rf3
Qxc4 22. Qxc4 Rxc4 23. Rc3 Rxc3 24. Nxc3 Nc5 25. Be3 Kd7 26. Bxc5 Bxc5 27. Ne4
Be7 28. Rb1 Kc7 29. Kf3 Rb8 30. Rxb8 Kxb8 31. Ke3 Kc7 32. Kd4 Kc6 33. Kc4 h6
34. h3 Ba3 35. Nf2 Bc1 36. Nd3 Be3 37. Nb4+ Kb6 38. Nd3 Kc6 39. Nb4+ Kb6
1/2-1/2

[Event "Asuncion Roggio Cup-A 3rd"]
[Site "Asuncion"]
[Date "2010.05.24"]
[Round "4"]
[White "Cubas, Jose Fernando"]
[Black "Morovic Fernandez, Ivan"]
[Result "0-1"]
[WhiteElo "2462"]
[BlackElo "2552"]
[PlyCount "62"]
[EventDate "2010.05.20"]
[EventType "tourn"]
[EventRounds "9"]
[EventCountry "PAR"]
[EventCategory "11"]
[SourceTitle "CBM 137"]
[Source "ChessBase"]
[SourceDate "2010.07.15"]
[SourceVersion "1"]
[SourceVersionDate "2010.07.15"]
[SourceQuality "1"]

1. e4 d6 2. d4 Nf6 3. Nc3 g6 4. Be3 c6 5. Qd2 b5 6. f3 Nbd7 7. Nge2 Bb7 8. g4
Nb6 9. b3 h5 10. g5 Nfd7 11. Bg2 d5 12. O-O e6 13. Nf4 b4 14. Nce2 Be7 15. Nd3
dxe4 16. fxe4 a5 17. c4 bxc3 18. Qxc3 O-O 19. Nc5 Nxc5 20. dxc5 Nd7 21. Rad1
Ba6 22. Rf2 Qc7 23. Rxd7 Qxd7 24. Qe5 Qd1+ 25. Rf1 Qxe2 26. Bd4 f6 27. gxf6 Rf7
28. Qxe6 Bf8 29. e5 Rd8 30. Bf2 Rd1 31. Qh3 Rfd7 0-1

[Event "Asuncion Roggio Cup-A 3rd"]
[Site "Asuncion"]
[Date "2010.05.28"]
[Round "8"]
[White "Rodriguez Vila, Andres"]
[Black "Cubas, Jose Fernando"]
[Result "1-0"]
[WhiteElo "2502"]
[BlackElo "2462"]
[PlyCount "73"]
[EventDate "2010.05.20"]
[EventType "tourn"]
[EventRounds "9"]
[EventCountry "PAR"]
[EventCategory "11"]
[SourceTitle "CBM 137"]
[Source "ChessBase"]
[SourceDate "2010.07.15"]
[SourceVersion "1"]
[SourceVersionDate "2010.07.15"]
[SourceQuality "1"]

1. e4 c5 2. Nf3 Nc6 3. d4 cxd4 4. Nxd4 e5 5. Ne2 d6 6. Ng3 Be6 7. c4 Nf6 8. Bd3
Be7 9. O-O h5 10. Nc3 g6 11. Nd5 Bxd5 12. cxd5 Nd4 13. Ne2 Nxe2+ 14. Qxe2 O-O
15. Bh6 Re8 16. Bb5 Nd7 17. Rfc1 a6 18. Ba4 b5 19. Bd1 Bg5 20. Bxg5 Qxg5 21.
Rc6 Rec8 22. Rxd6 Qe7 23. Rc6 Rxc6 24. dxc6 Nc5 25. Rc1 Rc8 26. Qe3 Ne6 27. Bb3
Nd4 28. Bd5 Qf6 29. g3 h4 30. Kg2 Kg7 31. f4 Nxc6 32. fxe5 h3+ 33. Kg1 Qxe5 34.
Qf2 Qg5 35. Qxf7+ Kh8 36. Rxc6 Qe3+ 37. Qf2 1-0

[Event "Asuncion Roggio Cup-A 3rd"]
[Site "Asuncion"]
[Date "2010.05.29"]
[Round "9"]
[White "Cubas, Jose Fernando"]
[Black "Kropff, Ricardo"]
[Result "1-0"]
[WhiteElo "2462"]
[BlackElo "2300"]
[PlyCount "63"]
[EventDate "2010.05.20"]
[EventType "tourn"]
[EventRounds "9"]
[EventCountry "PAR"]
[EventCategory "11"]
[SourceTitle "CBM 137"]
[Source "ChessBase"]
[SourceDate "2010.07.15"]
[SourceVersion "1"]
[SourceVersionDate "2010.07.15"]
[SourceQuality "1"]

1. e4 c6 2. d4 d5 3. e5 Bf5 4. Nd2 e6 5. Nb3 Nd7 6. Nf3 h6 7. Be2 Ne7 8. O-O g5
9. Ne1 Bg7 10. Nd3 O-O 11. f4 f6 12. exf6 Bxf6 13. fxg5 hxg5 14. Be3 Bh7 15.
Ndc5 Nxc5 16. Nxc5 Nf5 17. Bf2 Qe7 18. Bd3 b6 19. Nb3 Qg7 20. Qg4 Rae8 21. Rae1
Kh8 22. Re2 Bg6 23. Rfe1 Qf7 24. Qf3 Qg7 25. Rxe6 Nxd4 26. Qxf6 Nxe6 27. Qxg6
Qxg6 28. Bxg6 Re7 29. Nd4 Rf6 30. Nf5 Rc7 31. Bd4 Nxd4 32. Re8+ 1-0

[Event "Mario Covas 9th"]
[Site "Santos"]
[Date "2010.08.14"]
[Round "2"]
[White "Cubas, Jose Fernando"]
[Black "Rodriguez Vila, Andres"]
[Result "1-0"]
[WhiteElo "2463"]
[BlackElo "2508"]
[PlyCount "83"]
[EventDate "2010.08.13"]
[EventType "tourn"]
[EventRounds "9"]
[EventCountry "BRA"]
[EventCategory "11"]
[SourceTitle "CBM 137 Extra"]
[Source "ChessBase"]
[SourceDate "2010.09.01"]
[SourceVersion "1"]
[SourceVersionDate "2010.09.01"]
[SourceQuality "1"]

1. e4 e5 2. Nf3 Qe7 3. Nc3 c6 4. Bc4 d6 5. d4 Bg4 6. Bg5 Nf6 7. dxe5 dxe5 8. h3
Bh5 9. g4 Bg6 10. Qe2 Nbd7 11. O-O-O h6 12. Bh4 Qc5 13. Nd2 Be7 14. Nb3 Qb6 15.
f4 exf4 16. e5 Nd5 17. e6 Bxh4 18. exd7+ Kf8 19. Bxd5 cxd5 20. Nxd5 Qc6 21.
Nxf4 Kg8 22. Nxg6 Qxg6 23. Rhf1 Kh7 24. Qf3 Bf6 25. Qxb7 a5 26. Qd5 Rhd8 27.
Qd3 Ra7 28. Qxg6+ Kxg6 29. a4 Raxd7 30. Rxd7 Rxd7 31. Nxa5 Ra7 32. Rf5 h5 33.
b3 hxg4 34. hxg4 Bc3 35. Nc6 Rc7 36. Rc5 Bd4 37. Ne5+ Bxe5 38. Rxe5 f6 39. Rf5
Rc3 40. a5 Rg3 41. a6 Rxg4 42. Rb5 1-0

[Event "Mario Covas 9th"]
[Site "Santos"]
[Date "2010.08.14"]
[Round "3"]
[White "Leitao, Rafael Duailibe"]
[Black "Cubas, Jose Fernando"]
[Result "1-0"]
[WhiteElo "2629"]
[BlackElo "2463"]
[PlyCount "47"]
[EventDate "2010.08.13"]
[EventType "tourn"]
[EventRounds "9"]
[EventCountry "BRA"]
[EventCategory "11"]
[SourceTitle "CBM 137 Extra"]
[Source "ChessBase"]
[SourceDate "2010.09.01"]
[SourceVersion "1"]
[SourceVersionDate "2010.09.01"]
[SourceQuality "1"]

1. d4 d5 2. c4 c6 3. Nf3 Nf6 4. Nc3 dxc4 5. a4 Bg4 6. Ne5 Bh5 7. f3 Nfd7 8.
Nxc4 e5 9. e4 Qh4+ 10. g3 Qf6 11. dxe5 Nxe5 12. Nxe5 Qxe5 13. g4 Bg6 14. f4 Qe7
15. f5 Qh4+ 16. Kd2 Nd7 17. Kc2 O-O-O 18. Qe2 Ne5 19. Bf4 Nxg4 20. fxg6 Bd6 21.
Bxd6 Rxd6 22. gxf7 Rf6 23. Qe1 Qh6 24. Qg3 1-0

[Event "Mario Covas 9th"]
[Site "Santos"]
[Date "2010.08.15"]
[Round "4"]
[White "Cubas, Jose Fernando"]
[Black "Milos, Gilberto"]
[Result "0-1"]
[WhiteElo "2463"]
[BlackElo "2606"]
[PlyCount "74"]
[EventDate "2010.08.13"]
[EventType "tourn"]
[EventRounds "9"]
[EventCountry "BRA"]
[EventCategory "11"]
[SourceTitle "CBM 137 Extra"]
[Source "ChessBase"]
[SourceDate "2010.09.01"]
[SourceVersion "1"]
[SourceVersionDate "2010.09.01"]
[SourceQuality "1"]

1. e4 c5 2. Nf3 Nc6 3. d4 cxd4 4. Nxd4 Nf6 5. Nc3 d6 6. f3 g6 7. Be3 Bg7 8. Qd2
O-O 9. Bc4 Bd7 10. O-O-O Rc8 11. Bb3 Ne5 12. Kb1 a6 13. g4 b5 14. g5 Nh5 15.
Nce2 a5 16. a3 b4 17. a4 Nc4 18. Bxc4 Rxc4 19. b3 Rc7 20. Ng3 Qa8 21. Nxh5 gxh5
22. Nf5 Bxf5 23. exf5 Rfc8 24. Rc1 Qxf3 25. Rhf1 Qh3 26. f6 Rxc2 27. Rxc2 Qxf1+
28. Ka2 Rxc2+ 29. Qxc2 exf6 30. Qc8+ Bf8 31. Bc1 fxg5 32. Bb2 h6 33. Qd8 Qf5
34. Bd4 h4 35. h3 h5 36. Bf6 Kh7 37. Bd4 Qc2+ 0-1

[Event "Mario Covas 9th"]
[Site "Santos"]
[Date "2010.08.16"]
[Round "5"]
[White "Di Berardino, Diego Rafael"]
[Black "Cubas, Jose Fernando"]
[Result "1-0"]
[WhiteElo "2492"]
[BlackElo "2463"]
[PlyCount "75"]
[EventDate "2010.08.13"]
[EventType "tourn"]
[EventRounds "9"]
[EventCountry "BRA"]
[EventCategory "11"]
[SourceTitle "CBM 137 Extra"]
[Source "ChessBase"]
[SourceDate "2010.09.01"]
[SourceVersion "1"]
[SourceVersionDate "2010.09.01"]
[SourceQuality "1"]

1. d4 d5 2. c4 c6 3. Nc3 Nf6 4. e3 g6 5. Nf3 Bg7 6. Be2 O-O 7. O-O a6 8. a4 a5
9. cxd5 cxd5 10. b3 Nc6 11. Ba3 Ne8 12. Rc1 Nc7 13. Qd2 Re8 14. Rfd1 Bg4 15. h3
Bxf3 16. Bxf3 e6 17. g3 Na6 18. Nb5 Nab4 19. e4 dxe4 20. Bxe4 Re7 21. Bxc6 Nxc6
22. Bxe7 Qxe7 23. d5 exd5 24. Qxd5 Rd8 25. Qf3 Rf8 26. Re1 Qb4 27. Rcd1 h5 28.
Kg2 Ne5 29. Qd5 Nc6 30. Re4 Ne7 31. Rxb4 Nxd5 32. Rc4 Ne7 33. Rc7 Nf5 34. Rxb7
Re8 35. Rdd7 Re2 36. Rxf7 Bf8 37. Rfd7 Be7 38. Nd4 1-0

[Event "Mario Covas 9th"]
[Site "Santos"]
[Date "2010.08.17"]
[Round "6"]
[White "Cubas, Jose Fernando"]
[Black "Fier, Alexandr"]
[Result "1-0"]
[WhiteElo "2463"]
[BlackElo "2570"]
[PlyCount "65"]
[EventDate "2010.08.13"]
[EventType "tourn"]
[EventRounds "9"]
[EventCountry "BRA"]
[EventCategory "11"]
[SourceTitle "CBM 137 Extra"]
[Source "ChessBase"]
[SourceDate "2010.09.01"]
[SourceVersion "1"]
[SourceVersionDate "2010.09.01"]
[SourceQuality "1"]

1. e4 c5 2. Nf3 Nc6 3. d4 cxd4 4. Nxd4 g6 5. Nc3 Bg7 6. Nb3 Nf6 7. Be2 O-O 8.
O-O d6 9. Bg5 Be6 10. f4 Na5 11. f5 Bc4 12. Bd3 Rc8 13. Qe2 a6 14. Kh1 Bxd3 15.
cxd3 Nxb3 16. axb3 Qb6 17. Qd1 e6 18. Rf3 Ng4 19. f6 Bh8 20. d4 Qd8 21. h3 h6
22. hxg4 hxg5 23. Qf1 Qb6 24. Qf2 Rfe8 25. Rh3 e5 26. Nd5 Qxd4 27. Qg3 Bg7 28.
fxg7 Kxg7 29. Qf3 f5 30. gxf5 Rh8 31. f6+ Kf7 32. Qg4 Rcd8 33. Rc1 1-0

[Event "Mario Covas 9th"]
[Site "Santos"]
[Date "2010.08.17"]
[Round "7"]
[White "Bachmann, Axel"]
[Black "Cubas, Jose Fernando"]
[Result "1-0"]
[WhiteElo "2552"]
[BlackElo "2463"]
[PlyCount "73"]
[EventDate "2010.08.13"]
[EventType "tourn"]
[EventRounds "9"]
[EventCountry "BRA"]
[EventCategory "11"]
[SourceTitle "CBM 137 Extra"]
[Source "ChessBase"]
[SourceDate "2010.09.01"]
[SourceVersion "1"]
[SourceVersionDate "2010.09.01"]
[SourceQuality "1"]

1. d4 d5 2. Nf3 Nf6 3. c4 c6 4. Qc2 g6 5. g3 Bg7 6. Bg2 O-O 7. O-O Bf5 8. Qb3
Qb6 9. Nc3 Nbd7 10. h3 Qxb3 11. axb3 Ne4 12. cxd5 Nxc3 13. bxc3 cxd5 14. Ba3
Rfc8 15. Rfc1 Bf6 16. Nd2 e5 17. Bxd5 exd4 18. Bxb7 dxc3 19. Nc4 Rcb8 20. Bxa8
Rxa8 21. Nd6 Bxh3 22. Ne4 Bg7 23. Nxc3 Rb8 24. Rab1 Be6 25. b4 Nb6 26. b5 Nc4
27. Bb4 Nd2 28. Rb2 Nb3 29. Rcb1 Nd4 30. Rd2 h5 31. Rbd1 Nc6 32. bxc6 Rxb4 33.
Rc1 Rc4 34. Na2 Rxc1+ 35. Nxc1 Be5 36. Nd3 Bc7 37. Nf4 1-0

[Event "Mario Covas 9th"]
[Site "Santos"]
[Date "2010.08.18"]
[Round "8"]
[White "Cubas, Jose Fernando"]
[Black "El Debs, Felipe de Cresce"]
[Result "1/2-1/2"]
[WhiteElo "2463"]
[BlackElo "2499"]
[PlyCount "42"]
[EventDate "2010.08.13"]
[EventType "tourn"]
[EventRounds "9"]
[EventCountry "BRA"]
[EventCategory "11"]
[SourceTitle "CBM 137 Extra"]
[Source "ChessBase"]
[SourceDate "2010.09.01"]
[SourceVersion "1"]
[SourceVersionDate "2010.09.01"]
[SourceQuality "1"]

1. e4 c6 2. d4 d5 3. Nd2 dxe4 4. Nxe4 Bf5 5. Ng3 Bg6 6. h4 h6 7. Nf3 Nd7 8. h5
Bh7 9. Bd3 Bxd3 10. Qxd3 e6 11. Bd2 Ngf6 12. O-O-O Be7 13. Qe2 c5 14. Rhe1 O-O
15. dxc5 Qc7 16. Bc3 Nxc5 17. Ne5 Rac8 18. Kb1 Rfd8 19. Ng4 Qf4 20. Nxf6+ Bxf6
21. Bxf6 Qxf6 1/2-1/2